[Event "Championship Primorsy Debut"]
[Site "?"]
[Date "2015.07.23"]
[Round "3.5"]
[White "Shomoev, Anton"]
[Black "Sek, Konstantin"]
[Result "0-1"]
[WhiteElo "2578"]
[BlackElo "2432"]
[PlyCount "128"]
[EventDate "2015.??.??"]

1. e4 e5 2. Nf3 Nc6 3. Bb5 a6 4. Ba4 Nf6 5. O-O Be7 6. d3 b5 7. Bb3 O-O 8. a4
b4 9. a5 d6 10. c3 bxc3 11. bxc3 Be6 12. Nbd2 Bxb3 13. Qxb3 Qd7 14. d4 Rab8 15.
Qd1 exd4 16. cxd4 d5 17. Ne5 Nxe5 18. dxe5 Ng4 19. Nf3 Rfd8 20. exd5 Qxd5 21.
Bf4 Rb4 22. Bg3 Qe6 23. Qc2 c5 24. Rfb1 Nh6 25. Rxb4 cxb4 26. Bf4 Nf5 27. Qe4
Qd5 28. Qxd5 Rxd5 29. Kf1 h5 30. h3 Bd8 31. Bd2 Bxa5 32. Ke2 Ne7 33. Ke3 Bb6+
34. Ke4 a5 35. Bg5 Rd7 36. Rc1 Kf8 37. Rb1 Nd5 38. Bd2 Bxf2 39. Rc1 Nc7 40. Bg5
Ke8 41. e6 fxe6 42. Ne5 Rd4+ 43. Kf3 Rd5 44. Rxc7 Rxe5 45. Bf4 Rf5 46. g4 hxg4+
47. hxg4 Rf6 48. Ke4 Rg6 49. g5 Bb6 50. Rb7 Bd8 51. Be5 Rxg5 52. Bxg7 Rd5 53.
Be5 Be7 54. Rb6 Kf7 55. Rb7 a4 56. Bg3 Ke8 57. Rb6 a3 58. Rxe6 Rd7 59. Rb6 a2
60. Ra6 b3 61. Be5 Rd2 62. Bc3 b2 63. Bxb2 Rxb2 64. Kd3 Bf6 0-1

[Event "Championship Primorsy Debut"]
[Site "?"]
[Date "2015.07.23"]
[Round "3.6"]
[White "Yanchenko, Roman"]
[Black "Pridorozhni, Aleksei"]
[Result "0-1"]
[WhiteElo "2384"]
[BlackElo "2569"]
[PlyCount "150"]
[EventDate "2015.??.??"]

1. d4 e6 2. c4 b6 3. Nc3 Bb7 4. e3 Bb4 5. Bd2 f5 6. Nf3 Nf6 7. g3 Bxc3 8. Bxc3
Ne4 9. Rc1 d6 10. Bg2 Nd7 11. d5 Nxc3 12. Rxc3 e5 13. e4 fxe4 14. Nd2 Nf6 15.
Nxe4 O-O 16. O-O Qe7 17. Ng5 Bc8 18. f4 Bg4 19. Bf3 Bd7 20. Re3 Rae8 21. Rfe1
h6 22. Ne6 Bxe6 23. dxe6 Qxe6 24. fxe5 dxe5 25. Qe2 Qd6 26. Rxe5 Qd4+ 27. Kg2
Rxe5 28. Qxe5 Qxc4 29. b3 Qf7 30. Re2 Qd7 31. h4 Re8 32. Qb2 Rxe2+ 33. Qxe2 c5
34. a4 Kf7 35. a5 g5 36. hxg5 hxg5 37. a6 Qe6 38. Qd3 Ke7 39. Bb7 Qe5 40. Bf3
Qb2+ 41. Kh1 Qf2 42. Bb7 Ke6 43. Bc8+ Ke5 44. Bb7 Qd4 45. Qg6 Qd1+ 46. Kg2 Qe2+
47. Kg1 Qe3+ 48. Kg2 Qd2+ 49. Kg1 g4 50. Bg2 b5 51. Qg7 Qd4+ 52. Kh2 c4 53.
Qg5+ Ke6 54. Qxb5 c3 55. Bf1 Nd7 56. Bc4+ Kd6 57. Bd3 Qc5 58. Qb7 c2 59. Bxc2
Qxc2+ 60. Kg1 Qc5+ 61. Kf1 Qb6 62. Qe4 Qxa6+ 63. Kf2 Qb6+ 64. Kf1 Ne5 65. Qh7
Kd5 66. Kg2 Kd4 67. b4 a6 68. b5 axb5 69. Qb1 Qc6+ 70. Kg1 Qc4 71. Kh2 b4 72.
Qd1+ Kc5 73. Qa1 Nc6 74. Qg1+ Kb5 75. Qf1 b3 0-1

[Event "Championship Primorsy Debut"]
[Site "?"]
[Date "2015.07.23"]
[Round "3.7"]
[White "Savchenko, Boris"]
[Black "Ashid, Tsetsegulzii"]
[Result "1-0"]
[WhiteElo "2566"]
[BlackElo "1764"]
[PlyCount "47"]
[EventDate "2015.??.??"]

1. e4 e6 2. d4 d5 3. Nc3 Bb4 4. e5 Ne7 5. a3 Bxc3+ 6. bxc3 b6 7. Qg4 Ng6 8. h4
h5 9. Qd1 c5 10. Bb5+ Bd7 11. Bd3 Ba4 12. Ne2 Nd7 13. Ng3 Qc7 14. Bd2 Ne7 15.
Nxh5 Nxe5 16. Nxg7+ Kd7 17. Qe2 Nxd3+ 18. cxd3 Rag8 19. Nh5 Rxg2 20. Bf4 Qd8
21. dxc5 Ng6 22. Bg3 d4 23. Qf3 Bc6 24. Nf6+ 1-0

[Event "Championship Primorsy Debut"]
[Site "?"]
[Date "2015.07.23"]
[Round "3.8"]
[White "Pevzner, Lev"]
[Black "Borovskikh, Alexander"]
[Result "1/2-1/2"]
[WhiteElo "2396"]
[BlackElo "1767"]
[PlyCount "33"]
[EventDate "2015.??.??"]

1. c4 Nf6 2. Nc3 c5 3. Nf3 g6 4. d4 cxd4 5. Nxd4 Bg7 6. e4 d6 7. Be2 O-O 8. O-O
Nc6 9. Nc2 Be6 10. Rb1 Rc8 11. b3 Nd7 12. Bb2 Nc5 13. f3 Qa5 14. b4 Nxb4 15.
Nxb4 Qxb4 16. Nd5 Bxb2 17. Nxb4 1/2-1/2

[Event "Championship Primorsy Debut"]
[Site "?"]
[Date "2015.07.23"]
[Round "3.9"]
[White "Tanashkin, Alexey"]
[Black "Zablotsky, Sergei"]
[Result "0-1"]
[WhiteElo "2141"]
[BlackElo "2533"]
[PlyCount "78"]
[EventDate "2015.??.??"]

1. d4 d6 2. c4 g6 3. Nc3 Bg7 4. e4 e5 5. d5 Ne7 6. Be3 f5 7. f3 Nd7 8. Qd2 a5
9. Bd3 f4 10. Bf2 g5 11. Nge2 Ng6 12. O-O-O Nc5 13. Bc2 O-O 14. Kb1 Bd7 15. Nc1
b6 16. b3 g4 17. a3 Nh4 18. Bxh4 Qxh4 19. Nd3 Qh5 20. Qf2 Bf6 21. Nb2 Bh4 22.
Qe2 gxf3 23. gxf3 Kf7 24. b4 axb4 25. axb4 Ra3 26. bxc5 Rxc3 27. cxd6 Re3 28.
Qd2 cxd6 29. Qb4 Be7 30. Qxb6 Qxf3 31. Qc7 Qh3 32. Rd2 Ra8 33. Bd3 Kf6 34. Rg1
Be8 35. Rg7 Bf7 36. Rdg2 Rxd3 37. Rxf7+ Kxf7 38. Rg7+ Kxg7 39. Qxe7+ Kg8 0-1

[Event "Championship Primorsy Debut"]
[Site "?"]
[Date "2015.07.23"]
[Round "3.10"]
[White "Feduk, Viktor"]
[Black "Musaev, Rasul"]
[Result "0-1"]
[WhiteElo "2119"]
[BlackElo "2341"]
[PlyCount "44"]
[EventDate "2015.??.??"]

1. d4 g6 2. e4 Bg7 3. Nc3 c5 4. d5 d6 5. Nf3 Nf6 6. h3 O-O 7. Be2 b5 8. Nxb5
Nxe4 9. O-O Nd7 10. Re1 a6 11. Na3 Rb8 12. c3 Nef6 13. Nc4 Bb7 14. Ne3 Qc7 15.
Rb1 Rbe8 16. b3 Ne4 17. Qd3 Nxc3 18. Rb2 Nb6 19. Rc2 Ncxd5 20. Nxd5 Nxd5 21.
Bd2 e5 22. Qc4 e4 0-1

[Event "Championship Primorsy Debut"]
[Site "?"]
[Date "2015.07.24"]
[Round "4.1"]
[White "Pridorozhni, Aleksei"]
[Black "Smirnov, Pavel"]
[Result "0-1"]
[WhiteElo "2569"]
[BlackElo "2600"]
[PlyCount "68"]
[EventDate "2015.??.??"]

1. e4 e5 2. Nf3 Nc6 3. Bb5 a6 4. Ba4 Nf6 5. Qe2 b5 6. Bb3 Be7 7. c3 O-O 8. d3
d5 9. Nbd2 Be6 10. O-O dxe4 11. dxe4 Qc8 12. Re1 Rd8 13. Nf1 h6 14. h3 Bxb3 15.
axb3 Qe6 16. Qc2 a5 17. Be3 Nd7 18. Red1 Nc5 19. Bxc5 Bxc5 20. Rxd8+ Rxd8 21.
Rd1 Rd6 22. Rxd6 cxd6 23. N1d2 Qc8 24. Qd3 Qb7 25. Ne1 Qb6 26. Qf3 Qb7 27. Nd3
Ba7 28. h4 b4 29. Kf1 bxc3 30. bxc3 a4 31. Qd1 Qa6 32. Ke2 a3 33. Qa1 a2 34.
Nf3 f5 0-1

[Event "Championship Primorsy Debut"]
[Site "?"]
[Date "2015.07.24"]
[Round "4.2"]
[White "Maletin, Pavel"]
[Black "Savchenko, Boris"]
[Result "1/2-1/2"]
[WhiteElo "2583"]
[BlackElo "2566"]
[PlyCount "25"]
[EventDate "2015.??.??"]

1. Nf3 c5 2. c4 g6 3. d4 cxd4 4. Nxd4 Nc6 5. e4 d6 6. Nc3 Bg7 7. Be3 Qb6 8. Nd5
Qxb2 9. Rb1 Qxa2 10. Ra1 Qb2 11. Rb1 Qa2 12. Ra1 Qb2 13. Rb1 1/2-1/2

[Event "Championship Primorsy Debut"]
[Site "?"]
[Date "2015.07.24"]
[Round "4.3"]
[White "Sek, Konstantin"]
[Black "Kokarev, Dmitry"]
[Result "1/2-1/2"]
[WhiteElo "2432"]
[BlackElo "2608"]
[PlyCount "106"]
[EventDate "2015.??.??"]

1. e4 c5 2. Nf3 d6 3. d4 cxd4 4. Nxd4 Nf6 5. Nc3 a6 6. Be2 e5 7. Nb3 Be7 8. Be3
Be6 9. Nd5 Nbd7 10. Qd3 Bxd5 11. exd5 O-O 12. O-O Ne8 13. c4 b6 14. Rad1 g6 15.
Bh6 Ng7 16. Qd2 Re8 17. g4 Bf6 18. Qe3 a5 19. Nd2 Nc5 20. b3 e4 21. a3 Bb2 22.
Nb1 f5 23. Kh1 Qf6 24. b4 axb4 25. axb4 Nd7 26. Bg5 Qf7 27. f3 Bf6 28. Bxf6
exf3 29. Qxf3 Qxf6 30. Bd3 Ra2 31. Qg3 Qe5 32. gxf5 Qxg3 33. hxg3 Nh5 34. Rf3
Ne5 35. Re3 Rf8 36. Nc3 Ng4 37. Nxa2 Nxe3 38. Rg1 gxf5 39. Nc3 Rf6 40. Re1 Ng4
41. Kg2 f4 42. Ne4 f3+ 43. Kh3 Rg6 44. Kh4 Ne5 45. Kxh5 Nxd3 46. Ra1 f2 47. g4
Rg7 48. Ra8+ Kf7 49. Ra7+ Kf8 50. Ra8+ Ke7 51. Ra7+ Kd8 52. Ra8+ Ke7 53. Ra7+
Kf8 1/2-1/2

[Event "Championship Primorsy Debut"]
[Site "?"]
[Date "2015.07.24"]
[Round "4.4"]
[White "Bocharov, Dmitry"]
[Black "Rozum, Ivan"]
[Result "1/2-1/2"]
[WhiteElo "2561"]
[BlackElo "2535"]
[PlyCount "44"]
[EventDate "2015.??.??"]

1. c4 Nf6 2. g3 c6 3. Nf3 d5 4. Bg2 dxc4 5. O-O Nbd7 6. Qc2 Nb6 7. a4 a5 8. Na3
g6 9. Nxc4 Nxc4 10. Qxc4 Bg7 11. d3 Nd5 12. Rb1 O-O 13. Bd2 h6 14. Rfd1 Qd6 15.
h3 Nb4 16. Bf4 Qe6 17. Qxe6 Bxe6 18. Rd2 Bb3 19. Ra1 Nc2 20. Rc1 Nb4 21. Ra1
Nc2 22. Rc1 Nb4 1/2-1/2

[Event "Championship Primorsy Debut"]
[Site "?"]
[Date "2015.07.24"]
[Round "4.5"]
[White "Goganov, Aleksey"]
[Black "Shomoev, Anton"]
[Result "1-0"]
[WhiteElo "2601"]
[BlackElo "2578"]
[PlyCount "81"]
[EventDate "2015.??.??"]

1. e4 g6 2. d4 Bg7 3. Nf3 d6 4. Be2 Nf6 5. Nc3 O-O 6. O-O c6 7. a4 Qc7 8. Be3
Nbd7 9. Nd2 Rd8 10. a5 e5 11. d5 cxd5 12. exd5 Ne8 13. Nb5 Qb8 14. Nc4 Ndf6 15.
f4 Ne4 16. Ra4 N8f6 17. Rb4 h5 18. Bf3 Bf5 19. c3 Ng4 20. Re1 Nef6 21. Nbxd6
Rxd6 22. fxe5 Rd7 23. Bf4 Bf8 24. d6 Ne8 25. a6 b6 26. h3 Nh6 27. Qd2 Kh7 28.
Bxh6 Bxh6 29. Qd5 Qc8 30. Qxa8 Qc5+ 31. Kf1 Ng7 32. Qd5 Qc8 33. Ne3 Be6 34. Qd3
Qc5 35. Nd5 Bg5 36. Qc4 Bxd5 37. Bxd5 Be3 38. Qxc5 Bxc5 39. Rf4 Nf5 40. Rxf5
gxf5 41. b4 1-0

[Event "Championship Primorsy Debut"]
[Site "?"]
[Date "2015.07.24"]
[Round "4.6"]
[White "Zablotsky, Sergei"]
[Black "Tugarin, Anton"]
[Result "1-0"]
[WhiteElo "2533"]
[BlackElo "2177"]
[PlyCount "101"]
[EventDate "2015.??.??"]

1. c4 c6 2. e4 d5 3. cxd5 cxd5 4. exd5 Nf6 5. Qa4+ Nbd7 6. Nc3 g6 7. Bc4 Bg7 8.
Nge2 O-O 9. d3 a6 10. Qa3 Ne5 11. Bf4 Nh5 12. Bg5 Re8 13. f4 Ng4 14. Qc5 b6 15.
Qg1 b5 16. Bb3 Ngf6 17. Rd1 b4 18. Na4 Bg4 19. Qf2 Bxe2 20. Qxe2 h6 21. g4 hxg5
22. gxh5 Nxh5 23. fxg5 Nf4 24. Qf3 e5 25. h4 Bf8 26. Kd2 Rc8 27. Rc1 Qd6 28.
Qe4 Red8 29. Rc4 Rc7 30. Rhc1 Rdc8 31. Rc6 Rxc6 32. dxc6 Qb8 33. h5 Qa7 34. Rf1
Qe7 35. hxg6 Qxg5 36. Kc2 Qxg6 37. Qxg6+ Nxg6 38. Bxf7+ Kg7 39. Bd5 Nf4 40. Nb6
Rc7 41. Be4 Ne6 42. Nd7 Bd6 43. Kb3 Rc8 44. Ka4 Rh8 45. Ka5 Nc7 46. Rf6 Ne8 47.
Re6 Bc7+ 48. Kxa6 Nd6 49. Rg6+ Kf7 50. Nxe5+ Ke8 51. Re6+ 1-0

[Event "Championship Primorsy Debut"]
[Site "?"]
[Date "2015.07.24"]
[Round "4.7"]
[White "Papin, Vasily"]
[Black "Khokhlova, Daria"]
[Result "1-0"]
[WhiteElo "2500"]
[BlackElo "2160"]
[PlyCount "83"]
[EventDate "2015.??.??"]

1. d4 Nf6 2. c4 e6 3. Nf3 Bb4+ 4. Nc3 O-O 5. Qc2 Nc6 6. a3 Bxc3+ 7. Qxc3 h6 8.
b4 d6 9. Bb2 Qe7 10. e3 Re8 11. Be2 e5 12. dxe5 Nxe5 13. Nd2 Qf8 14. O-O Bf5
15. f3 Ng6 16. Rfe1 Nd7 17. Nb3 Nde5 18. Rad1 f6 19. Nd4 Bd7 20. f4 Nf7 21. Bf3
c6 22. g3 Qe7 23. Qc2 Nf8 24. Nf5 Bxf5 25. Qxf5 Qe6 26. Qc2 Nd7 27. Rd4 Nb6 28.
c5 Nc8 29. b5 d5 30. Rdd1 Ne7 31. e4 Qd7 32. Qe2 Kf8 33. Bg4 Qc7 34. e5 fxe5
35. fxe5 Kg8 36. e6 Ng5 37. Be5 Qa5 38. h4 Ne4 39. Bh5 g6 40. Qg4 Kh7 41. Rxe4
dxe4 42. Bxg6+ 1-0

[Event "Championship Primorsy Debut"]
[Site "?"]
[Date "2015.07.24"]
[Round "4.8"]
[White "Pahomov, Ruslan"]
[Black "Keosidi, Konstantin"]
[Result "1/2-1/2"]
[WhiteElo "2175"]
[BlackElo "2401"]
[PlyCount "95"]
[EventDate "2015.??.??"]

1. e4 d6 2. d4 Nf6 3. Nc3 e5 4. Nf3 Nbd7 5. Bc4 Be7 6. O-O O-O 7. h3 c6 8. Qe2
b5 9. Bb3 a6 10. a4 Bb7 11. Rd1 exd4 12. Nxd4 Nc5 13. e5 Nxb3 14. Nxb3 Ne8 15.
Nc5 Qc7 16. exd6 Bxd6 17. N3e4 Bxc5 18. Nxc5 Nf6 19. b3 Nd5 20. Bb2 Rae8 21.
Qg4 f5 22. Qg5 Bc8 23. axb5 axb5 24. c4 bxc4 25. bxc4 Nf6 26. Re1 h6 27. Qg6
Rxe1+ 28. Rxe1 Qf7 29. Qxf7+ Kxf7 30. Rd1 Re8 31. Rd6 Be6 32. Nd3 c5 33. Rc6
Rc8 34. Rxc8 Bxc8 35. Nxc5 Nd7 36. Nb3 g6 37. Bd4 Ke6 38. f4 Ba6 39. Nd2 Kd6
40. Kf2 Nc5 41. Bxc5+ Kxc5 42. Nf3 Bxc4 43. Ne5 g5 44. Ke3 Bd5 45. g3 Kd6 46.
Kd4 gxf4 47. gxf4 Ba2 48. h4 {Kxe5+ Ke4+} 1/2-1/2

[Event "Championship Primorsy Debut"]
[Site "?"]
[Date "2015.07.24"]
[Round "4.9"]
[White "I, En Bok"]
[Black "Pevzner, Lev"]
[Result "0-1"]
[WhiteElo "2114"]
[BlackElo "2396"]
[PlyCount "124"]
[EventDate "2015.??.??"]

1. e4 c5 2. Nf3 Nc6 3. d4 cxd4 4. Nxd4 e5 5. Nb5 d6 6. c4 Be7 7. N1c3 a6 8. Na3
Be6 9. Nc2 Bg5 10. Be2 Bxc1 11. Rxc1 Nf6 12. O-O O-O 13. Qd2 Qb6 14. b3 Rfd8
15. h3 Rac8 16. Rfd1 Qc5 17. Qd3 h6 18. Rd2 b5 19. Nd5 Bxd5 20. exd5 bxc4 21.
bxc4 Nb4 22. Nxb4 Qxb4 23. Rb1 Qa5 24. Rdb2 Nd7 25. Qf5 Nc5 26. Bh5 Qc7 27. Bd1
Qe7 28. Bc2 g6 29. Qg4 Kg7 30. h4 h5 31. Qg5 Qf6 32. f3 Rc7 33. Rb6 Qxg5 34.
hxg5 f6 35. gxf6+ Kxf6 36. g3 g5 37. Kg2 e4 38. fxe4 Ke5 39. Rh1 h4 40. gxh4
gxh4 41. Rxh4 Rg7+ 42. Kh1 Rf8 43. Rb1 Rf2 44. Rh2 Rgf7 45. Rxf2 Rxf2 46. Rc1
Rd2 47. Kg1 Kd4 48. Bb1 Nd7 49. Bc2 Ne5 50. Rd1 Rxd1+ 51. Bxd1 Kxe4 52. Be2 a5
53. Kf2 Kd4 54. Kg3 Nxc4 55. Bf3 Nb6 56. Kf4 Nxd5+ 57. Kf5 Nc3 58. a3 Kc5 59.
Ke6 Nb5 60. Bd1 Nxa3 61. Bb3 Nb5 62. Ba4 Nc3 0-1

[Event "Championship Primorsy Debut"]
[Site "?"]
[Date "2015.07.24"]
[Round "4.10"]
[White "Trapeznikova, Darya"]
[Black "Yanchenko, Roman"]
[Result "0-1"]
[WhiteElo "2069"]
[BlackElo "2384"]
[PlyCount "100"]
[EventDate "2015.??.??"]

1. d4 Nf6 2. c4 e6 3. Nc3 d5 4. cxd5 exd5 5. Bg5 Nbd7 6. e3 c6 7. Bd3 Qa5 8.
Nge2 Bd6 9. O-O O-O 10. Qc2 Re8 11. Rae1 h6 12. Bf4 Bxf4 13. Nxf4 Nf8 14. f3
Be6 15. e4 Qb4 16. Nfe2 dxe4 17. fxe4 Bg4 18. h3 Bxe2 19. Nxe2 Ne6 20. Qc3 Qb6
21. Bb1 Rad8 22. e5 Nd7 23. Kh1 Ndf8 24. Rd1 Re7 25. Rd2 Nc7 26. Rfd1 Red7 27.
Bf5 Nfe6 28. Bxe6 Nxe6 29. Qc4 Rd5 30. Qc3 R8d7 31. b4 a5 32. a3 axb4 33. axb4
Rb5 34. Rb1 Qd8 35. Ra2 Nxd4 36. Nxd4 Rxd4 37. Qa1 Qd5 38. Ra8+ Kh7 39. e6 Rd2
40. Rg1 Qxe6 41. Qb1+ Qf5 42. Qe1 Rbd5 43. Rb8 R5d3 44. Qh4 Rxg2 45. Rxg2 Rxh3+
46. Qxh3 Qxh3+ 47. Kg1 Qe3+ 48. Kh1 Qe1+ 49. Rg1 Qh4+ 50. Kg2 Qg4+ 0-1

[Event "Championship Primorsy Debut"]
[Site "?"]
[Date "2015.07.25"]
[Round "5.1"]
[White "Smirnov, Pavel"]
[Black "Goganov, Aleksey"]
[Result "0-1"]
[WhiteElo "2600"]
[BlackElo "2601"]
[PlyCount "76"]
[EventDate "2015.??.??"]

1. d4 Nf6 2. c4 e6 3. g3 Bb4+ 4. Bd2 Bxd2+ 5. Qxd2 O-O 6. Bg2 d5 7. Nf3 c6 8.
O-O Nbd7 9. Rc1 b6 10. cxd5 cxd5 11. Nc3 Bb7 12. Ne5 Qe7 13. Nb5 Ne8 14. Nc6
Bxc6 15. Rxc6 Nb8 16. Rc3 a6 17. Na3 Nd6 18. Rac1 Ra7 19. Qf4 h6 20. h4 Rd8 21.
Nb1 a5 22. Nd2 Qf6 23. Qxf6 gxf6 24. e3 Kf8 25. Bf1 Ke7 26. Nb1 b5 27. Nd2 a4
28. b3 axb3 29. axb3 Na6 30. Rc6 Nb4 31. Rb6 Rda8 32. Kg2 Ra6 33. Rxa6 Rxa6 34.
Rd1 Ra2 35. Be2 Rb2 36. Kf1 Na2 37. Nb1 Ne4 38. Ke1 b4 0-1

[Event "Championship Primorsy Debut"]
[Site "?"]
[Date "2015.07.25"]
[Round "5.2"]
[White "Savchenko, Boris"]
[Black "Sek, Konstantin"]
[Result "1/2-1/2"]
[WhiteElo "2566"]
[BlackElo "2432"]
[PlyCount "131"]
[EventDate "2015.??.??"]

1. e4 e5 2. Nf3 Nc6 3. Bb5 a6 4. Ba4 Nf6 5. O-O Be7 6. Re1 b5 7. Bb3 O-O 8. c3
d5 9. exd5 Nxd5 10. Nxe5 Nxe5 11. Rxe5 c6 12. d4 Bd6 13. Re1 Qh4 14. g3 Qh3 15.
Re4 g5 16. Nd2 Bf5 17. Qf1 Qh5 18. f3 Rae8 19. Bd1 Bh3 20. Qf2 f5 21. Re2 Kh8
22. a4 Nf4 23. Rxe8 Rxe8 24. gxf4 gxf4 25. Kh1 Be7 26. Nf1 Bh4 27. Ng3 fxg3 28.
hxg3 Bf6 29. axb5 Bf1+ 30. Kg1 Bxb5 31. Bf4 Qf7 32. Kg2 Qc4 33. Rc1 Ba4 34. Qf1
Qa2 35. Bxa4 Qxa4 36. Qd3 Qb5 37. Qxb5 axb5 38. Kf1 Ra8 39. Re1 Kg7 40. Re6
Ra1+ 41. Ke2 Ra2 42. Bc1 c5 43. dxc5 Bxc3 44. Kd1 Kf7 45. Re2 Bb4 46. Re5 Kf6
47. Rd5 Ra6 48. Bf4 Rc6 49. Bd6 Bxc5 50. Rxc5 Rxd6+ 51. Ke2 Re6+ 52. Kd3 Re1
53. Rxb5 Rg1 54. Ke3 Rxg3 55. Kf4 Rg2 56. Rb6+ Kg7 57. Kxf5 h5 58. Rb7+ Kh6 59.
f4 h4 60. Rb8 Kg7 61. Rb7+ Kh6 62. Kf6 Kh5 63. b4 h3 64. Rh7+ Kg4 65. f5 Rb2
66. Kg6 1/2-1/2

[Event "Championship Primorsy Debut"]
[Site "?"]
[Date "2015.07.25"]
[Round "5.4"]
[White "Kokarev, Dmitry"]
[Black "Vilchenko, Maxim"]
[Result "1-0"]
[WhiteElo "2608"]
[BlackElo "2238"]
[PlyCount "75"]
[EventDate "2015.??.??"]

1. e4 e6 2. d4 d5 3. Nc3 Nf6 4. e5 Nfd7 5. f4 c5 6. Nf3 Nc6 7. Be3 cxd4 8. Nxd4
Bc5 9. Qd2 a6 10. O-O-O O-O 11. Nb3 Bb4 12. Kb1 b5 13. h4 Bb7 14. Rh3 Rc8 15.
h5 Qe7 16. Qf2 Na5 17. Bd4 Nxb3 18. axb3 Bc5 19. Bd3 Bxd4 20. Qxd4 Qc5 21. Ne2
Qxd4 22. Nxd4 Rce8 23. h6 g6 24. Re3 f6 25. exf6 Rxf6 26. Rde1 Nc5 27. g3 Ne4
28. c4 bxc4 29. bxc4 Nd2+ 30. Kc2 Nxc4 31. Bxc4 dxc4 32. Nxe6 Bd5 33. Ng5 Rb8
34. Re8+ Rf8 35. R8e7 Bf7 36. Rc7 c3 37. bxc3 Bb3+ 38. Kc1 1-0

[Event "Championship Primorsy Debut"]
[Site "?"]
[Date "2015.07.25"]
[Round "5.5"]
[White "Pevzner, Lev"]
[Black "Bocharov, Dmitry"]
[Result "0-1"]
[WhiteElo "2396"]
[BlackElo "2561"]
[PlyCount "60"]
[EventDate "2015.??.??"]

1. d4 Nf6 2. c4 e6 3. Nc3 Bb4 4. Qc2 c5 5. dxc5 Qc7 6. Nf3 a6 7. e3 Bxc5 8. Be2
b6 9. b3 Bb7 10. Bb2 Be7 11. Rg1 b5 12. g4 bxc4 13. bxc4 O-O 14. g5 Ne8 15. Ne4
Bxe4 16. Qxe4 Nc6 17. Rg3 f5 18. gxf6 Bxf6 19. Bxf6 Nxf6 20. Qh4 Rab8 21. Kf1
Rb2 22. Bd3 Qd6 23. Be4 Ne5 24. Qg5 Rxf2+ 25. Kg1 Nxf3+ 26. Bxf3 Rf7 27. Rd1
Rd2 28. Rxd2 Qxd2 29. Qe5 Qc1+ 30. Kg2 Qxc4 0-1

[Event "Championship Primorsy Debut"]
[Site "?"]
[Date "2015.07.25"]
[Round "5.6"]
[White "Rozum, Ivan"]
[Black "Musaev, Rasul"]
[Result "1-0"]
[WhiteElo "2535"]
[BlackElo "2341"]
[PlyCount "51"]
[EventDate "2015.??.??"]

1. Nf3 c5 2. c4 g6 3. e4 Bg7 4. d4 cxd4 5. Nxd4 Nc6 6. Be3 Nf6 7. Nc3 d6 8. Be2
O-O 9. O-O Bd7 10. f3 Nxd4 11. Bxd4 Bc6 12. Qd2 Nd7 13. Be3 a6 14. Rac1 Nc5 15.
b4 Ne6 16. Nd5 Kh8 17. f4 f5 18. exf5 gxf5 19. Rfe1 Rc8 20. Bf3 Qe8 21. Bf2
Bxd5 22. Bxd5 Nd8 23. c5 Qd7 24. Bb3 Rc7 25. Rcd1 Rf6 26. Bh4 1-0

[Event "Championship Primorsy Debut"]
[Site "?"]
[Date "2015.07.25"]
[Round "5.7"]
[White "Yanchenko, Roman"]
[Black "Zablotsky, Sergei"]
[Result "1-0"]
[WhiteElo "2384"]
[BlackElo "2533"]
[PlyCount "67"]
[EventDate "2015.??.??"]

1. d4 Nf6 2. Nf3 d6 3. c4 Nbd7 4. Nc3 e5 5. e4 c6 6. Be2 Be7 7. O-O O-O 8. Bg5
exd4 9. Nxd4 Nc5 10. Nf5 Bxf5 11. exf5 Re8 12. Bf3 Qa5 13. Qc2 Nfd7 14. Bd2 Qc7
15. b4 Na6 16. Rab1 h6 17. Ne4 Ne5 18. Be2 d5 19. Ng3 Nxc4 20. Bxc4 dxc4 21.
Qxc4 Bf6 22. Qg4 Kh7 23. Nh5 Qe5 24. Bf4 Qd4 25. Rbd1 Qc3 26. Rd6 Be5 27. Bd2
Qb2 28. Rd7 Qxa2 29. Bxh6 Kxh6 30. Nf6 g6 31. fxg6 Bxf6 32. Rxf7 Qxf7 33. gxf7
Re7 34. Qg8 1-0

[Event "Championship Primorsy Debut"]
[Site "?"]
[Date "2015.07.25"]
[Round "5.8"]
[White "Papin, Vasily"]
[Black "Zherebtsova, Alexandra"]
[Result "1-0"]
[WhiteElo "2500"]
[BlackElo "2210"]
[PlyCount "79"]
[EventDate "2015.??.??"]

1. d4 d5 2. c4 c6 3. Nf3 Nf6 4. Nbd2 Bf5 5. Nh4 Be6 6. e3 g6 7. b3 Bg7 8. Bb2
O-O 9. Be2 Nbd7 10. Nhf3 h6 11. O-O c5 12. dxc5 Nxc5 13. b4 Na6 14. Nd4 Bd7 15.
Qb3 e5 16. N4f3 e4 17. Nd4 dxc4 18. Nxc4 Qe7 19. a3 Bg4 20. Na5 Bxe2 21. Nxe2
Rac8 22. Rac1 Ng4 23. Bxg7 Kxg7 24. Nf4 Nb8 25. Qb2+ Kh7 26. h3 Ne5 27. Nxb7
Nbc6 28. Nc5 f5 29. b5 Qf6 30. Qb3 Ne7 31. Qe6 Qxe6 32. Nfxe6 Rf6 33. Rfd1 Kg8
34. a4 Kf7 35. Nd8+ Ke8 36. Ndb7 Kf8 37. a5 g5 38. Nd7+ Nxd7 39. Rxc8+ Nxc8 40.
Rxd7 1-0

[Event "Championship Primorsy Debut"]
[Site "?"]
[Date "2015.07.25"]
[Round "5.9"]
[White "Keosidi, Konstantin"]
[Black "Ashid, Tsetsegulzii"]
[Result "1-0"]
[WhiteElo "2401"]
[BlackElo "1764"]
[PlyCount "85"]
[EventDate "2015.??.??"]

1. e4 e6 2. b3 d5 3. Bb2 dxe4 4. Nc3 Nf6 5. Qe2 c5 6. Nxe4 Be7 7. f4 Nc6 8. Nf3
Nd4 9. Nxd4 cxd4 10. Qb5+ Qd7 11. Qe5 a6 12. Bxd4 b5 13. O-O-O Nxe4 14. Qxe4
Bb7 15. Qe3 O-O 16. Bb2 Rfc8 17. Bd3 a5 18. a3 Bf8 19. Kb1 b4 20. a4 Ba6 21.
Be4 Bb7 22. h4 Bxe4 23. Qxe4 Ra6 24. h5 f5 25. Qe2 Rac6 26. Rc1 h6 27. d3 Qc7
28. Rhf1 Kh8 29. g4 fxg4 30. Qxg4 Rxc2 31. Qxe6 Rc6 32. Rxc6 Qxc6 33. Qxc6 Rxc6
34. Rc1 Rd6 35. Rc8 Kg8 36. Kc2 Rd5 37. Be5 Kf7 38. d4 Be7 39. Kd3 Rd7 40. Ke4
Bd8 41. Rc6 Kf8 42. f5 Bg5 43. Rc7 1-0

[Event "Championship Primorsy Debut"]
[Site "?"]
[Date "2015.07.25"]
[Round "5.10"]
[White "Sutormin, Danila"]
[Black "Pahomov, Ruslan"]
[Result "1-0"]
[WhiteElo "2306"]
[BlackElo "2175"]
[PlyCount "72"]
[EventDate "2015.??.??"]

1. e4 c5 2. c3 g6 3. d4 cxd4 4. cxd4 d5 5. e5 Bg7 6. Nc3 Nc6 7. Bf4 e6 8. Nb5
Nge7 9. Nd6+ Kf8 10. Qd2 Qa5 11. Qxa5 Nxa5 12. Nf3 Nf5 13. Nxf5 gxf5 14. Bb5 a6
15. Ba4 Nc4 16. O-O-O Nb6 17. Bc2 Bd7 18. Bd3 Bb5 19. Bxb5 axb5 20. Kb1 Ke7 21.
Ne1 Rhc8 22. Nd3 Nd7 23. b3 Rc3 24. Bd2 Rc6 25. h3 f6 26. f4 fxe5 27. fxe5 Kf7
28. Rhg1 Bf8 29. g4 fxg4 30. Rxg4 Be7 31. Rf1+ Ke8 32. Rg8+ Nf8 33. Bh6 Rcc8
34. Bxf8 Kd7 35. Nc5+ Bxc5 36. Rg7+ Ke8 1-0

[Event "Championship Primorsy Debut"]
[Site "?"]
[Date "2015.07.26"]
[Round "6.1"]
[White "Goganov, Aleksey"]
[Black "Savchenko, Boris"]
[Result "1-0"]
[WhiteElo "2601"]
[BlackElo "2566"]
[PlyCount "81"]
[EventDate "2015.??.??"]

1. d4 e6 2. c4 Nf6 3. Nf3 c5 4. d5 b5 5. dxe6 fxe6 6. cxb5 d5 7. e3 Bd6 8. Nbd2
O-O 9. b3 a6 10. bxa6 Nxa6 11. Be2 e5 12. e4 Nb4 13. O-O d4 14. Bc4+ Kh8 15. a3
Qe7 16. Re1 Be6 17. Bxe6 Qxe6 18. Nc4 Nc6 19. Bg5 Nd7 20. Bh4 Na5 21. Nfd2 Rfb8
22. Qc2 Nb6 23. Nxa5 Rxa5 24. Rec1 h6 25. Qd3 Ra7 26. a4 Rba8 27. Qb5 Rb8 28.
a5 Na8 29. Qc6 Nc7 30. Nc4 Ra6 31. Nb6 Rba8 32. f3 g5 33. Bg3 R8a7 34. Be1 Kg7
35. h3 Kf6 36. Qd7 Kg6 37. Qxe6+ Nxe6 38. b4 cxb4 39. Rc6 Rd7 40. Bxb4 Bxb4 41.
Nxd7 1-0

[Event "Championship Primorsy Debut"]
[Site "?"]
[Date "2015.07.26"]
[Round "6.2"]
[White "Rozum, Ivan"]
[Black "Kokarev, Dmitry"]
[Result "1/2-1/2"]
[WhiteElo "2535"]
[BlackElo "2608"]
[PlyCount "69"]
[EventDate "2015.??.??"]

1. d4 Nf6 2. c4 g6 3. g3 c5 4. d5 Bg7 5. Nc3 O-O 6. Bg2 d6 7. Nf3 e6 8. O-O
exd5 9. cxd5 Nbd7 10. h3 Qe7 11. Nd2 Nh5 12. Nc4 Ne5 13. Nxe5 Qxe5 14. e4 Bd7
15. a4 a6 16. a5 Rae8 17. Bd2 Qd4 18. Kh2 f5 19. exf5 Bxf5 20. Ra4 c4 21. Be3
Qf6 22. Rxc4 Nxg3 23. Kxg3 Rxe3+ 24. fxe3 Qe5+ 25. Rcf4 g5 26. Qd2 gxf4+ 27.
exf4 Qf6 28. Kh2 Re8 29. Re1 Rxe1 30. Qxe1 Bh6 31. Qe3 Bd7 32. Kg3 Qg6+ 33. Kh2
Qf6 34. Kg3 Qg6+ 35. Kh2 1/2-1/2